| 000 | 00483nam a2200181Ia 4500 | ||
|---|---|---|---|
| 001 | 9683 | ||
| 005 | 20260306161736.0 | ||
| 008 | 260306t2005||||xx |||||||||||||| ||spa|| | ||
| 041 | _aESP | ||
| 082 |
_a394.25 _bR78 |
||
| 100 |
_aRojas Rojas, Rolando _eAUT |
||
| 245 | 0 |
_aTiempos de carnaval : _bel ascenso de lo popular a la cultura nacional (Lima, 1822-1922) |
|
| 260 | _c2005 | ||
| 300 |
_a235 páginas : _c17 cm. |
||
| 650 | _aGEN | ||
| 654 | _aCHU | ||
| 942 |
_cLIB _dJUS _fJUS _2ddc _n |
||
| 999 |
_c9683 _d9683 |
||